000 00514nam a22001817a 4500
003 OSt
005 20180116183043.0
008 160225b xxu||||| |||| 00| 0 eng d
020 _a978178153212
040 _c0
082 _a658.15 CIMA 2015
110 _aCIMA
245 _aCIMA F2 Advanced Financial Reporting
_bCIMA Official Exam Practice Kit
_cCIMA
260 _aGreat Britain
_bKaplan Publishing
_c2015
300 _a112 p.
_bPapers
440 _aCIMA F2 Advanced Financial Reporting
942 _2ddc
_cBK
999 _c351323
_d351323